Ready Player One (Novel) Quiz - Easy - Statistics

General Stats
  • This quiz has been taken 34 times
  • The average score is 13 of 20
Answer Stats
Hint Answer % Correct
The three tiers of keys/gates Crystal
96%
The three tiers of keys/gates Copper
93%
What the name "Gunter" is a contraction of Egg Hunter
93%
The name of Halliday's avatar Anorak
89%
The three tiers of keys/gates Jade
89%
Person who gets the first key fourth Daito
81%
Halliday's best friend Ogden Morrow
81%
Name of Parzival's best friend Aech
78%
The type of car Parzival drives with the license plate "Ecto-88" Delorean
78%
Head of IOI's Oology division Nolan Sorrento
78%
Where the main GSS servers are located Columbus
74%
Object that gave Parzival a second life in the final battle Quarter
74%
Name of the planet containing the public school system Ludus
63%
The type of car Parzival's uses as his first hideout Van
56%
Rock band relevant to acquiring the third key Rush
52%
Along with the crystal key, reward for completing the second gate Giant robot
48%
GSS stands for Gregarious Simulation Systems
37%
Grandma-like character and neighbor to Parzival Mrs. Gilmore
33%
Kira Underwood's DnD name Leucosia
30%
IOI stands for Innovation Online Industries
7%
No matching quizzes found
Score Distribution
Percent of People with Each Score
Percentile by Number Answered
Your Score History
You have not taken this quiz